|
|
|
|
| LEADER |
00000cam a22000004a 4500 |
| 001 |
musev2_54074 |
| 003 |
MdBmJHUP |
| 005 |
20230905045659.0 |
| 006 |
m o d |
| 007 |
cr||||||||nn|n |
| 008 |
090922s2009 sp o 00 0 spa d |
| 010 |
|
|
|z 2010375152
|
| 020 |
|
|
|a 9788484683155
|
| 020 |
|
|
|z 9788484682622
|
| 040 |
|
|
|a MdBmJHUP
|c MdBmJHUP
|
| 050 |
0 |
4 |
|a JC585
|b .L3875 2009
|
| 082 |
0 |
|
|a 320.01
|2 22
|
| 245 |
0 |
3 |
|a La libertad: ilusiones y límites /
|c editor, Carlos Alonso Bedate ; Jose Ramón García-Murga ... [et al.].
|
| 264 |
|
1 |
|a Madrid :
|b Universidad Pontificia Comillas,
|c 2009.
|
| 264 |
|
3 |
|a Baltimore, Md. :
|b Project MUSE,
|c 0000
|
| 264 |
|
4 |
|c ©2009.
|
| 300 |
|
|
|a 1 online resource.
|
| 336 |
|
|
|a text
|b txt
|2 rdacontent
|
| 337 |
|
|
|a computer
|b c
|2 rdamedia
|
| 338 |
|
|
|a online resource
|b cr
|2 rdacarrier
|
| 490 |
0 |
|
|a Estudios interdisciplinares. Actas de las reuniones de la Asociación Interdisciplinar "Jose de Acosta" ;
|v v. 35
|
| 490 |
0 |
|
|a Publicaciones de la Universidad Pontificia Comillas, Madrid
|
| 504 |
|
|
|a Includes bibliographical references.
|
| 588 |
|
|
|a Description based on print version record.
|
| 650 |
|
0 |
|a Liberty.
|
| 655 |
|
7 |
|a Electronic books.
|2 local
|
| 700 |
1 |
|
|a García-Murga, Jose Ramón.
|
| 700 |
1 |
|
|a Alonso Bedate, Carlos.
|
| 710 |
2 |
|
|a Project Muse.
|e distributor
|
| 830 |
|
0 |
|a Book collections on Project MUSE.
|
| 856 |
4 |
0 |
|z Texto completo
|u https://projectmuse.uam.elogim.com/book/54074/
|
| 945 |
|
|
|a Project MUSE - Custom Collection
|